000 01337nam a22002537a 4500
001 3860
003 FISKH
005 20240521090245.0
008 240520b cb ||||| |||| 00| 0 eng d
040 _aFISK
_beng
_cFISK
_dFISK
050 _aPS3521.E27
082 _a813.5
100 _aKeene Carolyn
_d1905-2002
245 _aThe double horror of fenley place /
_cCarolyn Keene
260 _aNew York :
_bMinstrel Books,
_c1987
300 _a158 pages :
_c20 cm
490 _v79 number
_aNancy drew
505 _aK
520 _aNancy visits a movie set and finds terror on location! World-famous director Hank Steinberg is filming a horror flick in Nancy's hometown of River Heights. The movie tells a spine-tingling story about a haunted house. Most shocking of all, though, is what's going on across the street at an old Victorian mansion called Fenley Place. Whatever happens on the movie set is mysteriously duplicated in the mansion: red smoke billows from the chimney, a ghostly figure appears in the window, and blood oozes from the walls. The special effects are a real scream, but Nancy must find out who is behind them before the movie -- and the mansion -- reach the final, horrifying climax!
521 8 _a620
_bLexile estimates,
700 _aCarolyn Keene
942 _2ddc
_cBK
_n0
999 _c3860
_d3860